[Event "Niedersachsen-ch U16"]
[Site "Rotenburg"]
[Date "2013.03.25"]
[Round "4"]
[White "Voege, Tobias"]
[Black "Remmert, Julian"]
[Result "1-0"]
[WhiteElo "1882"]
[BlackElo "1540"]
[PlyCount "109"]
[EventDate "2013.03.23"]
[EventType "swiss"]
[EventRounds "9"]
[EventCountry "GER"]
[SourceTitle "EXT 2015"]
[Source "ChessBase"]
[SourceDate "2014.11.20"]
[SourceVersion "1"]
[SourceVersionDate "2014.11.20"]
[SourceQuality "1"]

1. d4 Nf6 2. c4 g6 3. Nc3 Bg7 4. Bg5 0-0 5. e3 d6 6. Nf3 c5 7. d5 Na6 8. Be2 Nc7 9. 0-0 a6 10. a4 Rb8 11. Nd2 b5 12. cxb5 Nfxd5 13. Nxd5 Nxd5 14. Nc4 Nb4 15. Nxd6 Qc7 16. Nxc8 Rbxc8 17. Bf4 Qa7 18. Qb3 Rfd8 19. Rfd1 h6 20. h3 a5 21. Bc4 e6 22. Bg3 Qb6 23. Bh4 g5 24. Bg3 Qb7 25. Be2 Qb6 26. Rac1 Bf6 27. Kh1 Bg7 28. h4 Bf6 29. hxg5 hxg5 30. Rxd8+ Rxd8 31. Rd1 Kg7 32. Rxd8 Qxd8 33. Qd1 Qxd1+ 34. Bxd1 Bd8 35. Be5+ f6 36. Bd6 Bb6 37. Kg1 f5 38. Be5+ Kf7 39. g4 Nd3 40. Bc3 f4 41. exf4 Nxf4 42. Kf1 Ke7 43. Bc2 Nd5 44. Be5 Nf6 45. Bd1 Nd7 46. Bc3 e5 47. Ke2 Bd8 48. Ke3 Kd6 49. Ke4 Nf6+ 50. Kf5 Nd5 51. Bxe5+ Ke7 52. Bb3 Nb4 53. Bf6+ Kd7 54. Bxd8 Kxd8 55. Bc4 1-0

[Event "Niedersachsen-ch U16"]
[Site "Rotenburg"]
[Date "2012.03.31"]
[Round "1"]
[White "Remmert, Julian"]
[Black "Diederichs, Luise"]
[Result "0-1"]
[WhiteElo "1294"]
[BlackElo "1763"]
[PlyCount "136"]
[EventDate "2012.03.31"]
[EventType "swiss"]
[EventRounds "9"]
[EventCountry "GER"]
[SourceTitle "EXT 2015"]
[Source "ChessBase"]
[SourceDate "2014.11.20"]
[SourceVersion "1"]
[SourceVersionDate "2014.11.20"]
[SourceQuality "1"]

1. e4 e6 2. d4 d5 3. Nd2 dxe4 4. Nxe4 Nd7 5. Nf3 Ngf6 6. Bd3 Nxe4 7. Bxe4 Nf6 8. Bg5 Be7 9. Bxf6 Bxf6 10. 0-0 0-0 11. Rb1 Rb8 12. c4 Bd7 13. Qd3 g6 14. Rfd1 Qe7 15. b4 Rfd8 16. Qe3 c6 17. d5 cxd5 18. cxd5 exd5 19. Rxd5 Bc6 20. Rxd8+ Rxd8 21. Bxc6 Qxe3 22. fxe3 bxc6 23. Rc1 Rd6 24. Rc5 Re6 25. Kf2 Rd6 26. Ra5 Rd7 27. Ra6 Bc3 28. a3 Rc7 29. Ke2 Kf8 30. Kd3 Bb2 31. Ra5 Ke7 32. Kc4 f6 33. h4 Bc1 34. e4 Be3 35. Nd4 Kd6 36. Kd3 Bf2 37. h5 Rd7 38. Nf3 Bb6 39. Ra4 Kc7+ 40. Ke2 gxh5 41. Nd2 Rd4 42. Nf3 Rxe4+ 43. Kd3 Rg4 44. Nd2 Rxg2 45. Nc4 Kb7 46. Nxb6 axb6 47. b5 Rg4 48. bxc6+ Kxc6 49. Ra7 Rg3+ 50. Ke4 h4 51. Rxh7 h3 52. Rh6 Rxa3 53. Rxf6+ Kc5 54. Rh6 b5 55. Rh5+ Kb4 56. Kd4 Rb3 57. Rh4 Ka3 58. Kc5 b4 59. Kc4 Rg3 60. Kb5 b3 61. Ka5 b2 62. Ra4+ Kb3 63. Rb4+ Kc2 64. Ka4 b1Q 65. Rc4+ Rc3 66. Rxc3+ Kxc3 67. Ka5 Qb7 68. Ka4 Qb4# 0-1